000 00573nam a22001817a 4500
999 _c62542
_d62542
005 20241203122416.0
008 241203s2012 enk||||| |||| 00| 0 eng d
020 _a9780615676753x
041 _aeng
080 _a005 W-96
100 _a Wynn, Don
_923849
245 _aDevelop Your Soft Skills for Success as a Consultant /
_c Don Wynn.
264 _aFlorida :
_bThe Brass Tree,
_c2012.
300 _a174 p.:
_bill.;
_c22 cm.
653 _aმენეჯმენტი
653 _aწარმატების მიღწევა
942 _2udc
_cᲬᲘᲒᲜᲘ